| 000 | 01124nam a2200313Ii 4500 | ||
|---|---|---|---|
| 001 | 5473 | ||
| 003 | BD-RjUL | ||
| 005 | 20211208234055.0 | ||
| 008 | 131226s1963 nyu 001 0 eng d | ||
| 035 | _aMITb10137092 | ||
| 035 | _a(OCoLC)03740152 | ||
| 035 |
_aGLIS00137092 _a(BD-RjUL)5509 |
||
| 040 |
_aVTU _cVTU _dMYG _dBD-RjUL _beng |
||
| 041 | _aeng | ||
| 082 | 0 | 4 |
_218 _a341.672 _bATO |
| 090 |
_aD842 _b.B936 1963 |
||
| 099 | _aD842.B936 1963 | ||
| 245 | 1 | 4 |
_aThe atomic age : _bscientists in national and world affairs : Articles from the Bulletin of the Atomic Scientists 1945-1962 / _cEdited and with introductions by Morton Grodzins and Eugene Rabinowitch ; with the assistance of Harvey Flaumenhaft and Lois Gardner. |
| 260 |
_aNew York : _bBasic Books, _cc1963. |
||
| 300 |
_axviii, 616 p. ; _c21 cm. |
||
| 500 | _aIncludes index. | ||
| 650 | 0 |
_aNuclear warfare. _917169 |
|
| 650 | 0 |
_aScience and civilization. _917170 |
|
| 650 | 0 |
_aWorld politics _y1945-1989. _96279 |
|
| 700 | 1 |
_aGrodzins, Morton. _917171 |
|
| 700 | 1 |
_aRabinowitch, Eugene, _d1901-1973. _917172 |
|
| 942 |
_2ddc _cBK |
||
| 999 |
_c5473 _d5473 |
||